Statistics for La Tontouta International Airport Destinations (Nouméa, New Caldonia)

Click here to take the quiz!

General Stats

  • This quiz has been taken 15 times
  • The average score is 7 of 11

Answer Stats

AirlineDestination% Correct
Air New Zealand/AircalinAuckland
100%
Aircalin/QantasSydney
100%
Aircalin/QantasBrisbane
92%
Air Vanuatu/AircalinPort Vila
77%
Aircalin/Fiji AirwaysNadi
69%
AircalinSingapore
69%
AircalinMelbourne
62%
AircalinTokyo (Narita)
62%
AircalinPapeete
46%
Air VanuatuLuganville
38%
AircalinWallis Island
23%

Score Distribution

Percentile by Number Answered

Percent of People with Each Score

Your Score History

You have not taken this quiz